000 00514nam a2200193Ia 4500
005 20250508164345.0
008 008 250505s9999 xx 000 0 eng d
037 _aReference
040 _aFEDL
_beng
_cFEDL
041 _aeng
_2eng
084 _a300.7, EKL/RR
_qFEDL
245 0 _aSocial studies : Class 6
245 0 _cEKLAVYA
260 _aBhopal, India
_bEklavya Publication
_c1998
300 _aiv,204p
365 _aINR
_b50
942 _cREF
_h300.7, EKL/RR
999 _c1388718
_d1388718